[Event "GRE-chT 39th"]
[Site "Eretria"]
[Date "2011.07.06"]
[Round "5.13"]
[White "Aggeli, Eleni"]
[Black "Stefanidi, Maria Anna"]
[Result "1/2-1/2"]
[WhiteElo "1862"]
[BlackElo "2055"]
[PlyCount "50"]
[EventDate "2011.07.03"]
[EventType "team-swiss"]
[EventRounds "7"]
[EventCountry "GRE"]
[SourceTitle "CBM 143 Extra"]
[Source "ChessBase"]
[SourceDate "2011.08.29"]
[SourceVersion "1"]
[SourceVersionDate "2011.08.29"]
[SourceQuality "1"]
[WhiteTeam "Gazi Chess Academy"]
[BlackTeam "Kallithea"]
[WhiteTeamCountry "GRE"]
[BlackTeamCountry "GRE"]

1. e4 c5 2. Nf3 d6 3. d4 cxd4 4. Nxd4 Nf6 5. Nc3 g6 6. h3 Bg7 7. g4 Nc6 8. Bg2 Bd7 9. Nb3 Rc8 10. Be3 b6 11. f4 h6 12. Qd2 Qc7 13. 0-0 Nb4 14. Qe2 0-0 15. a3 Nc6 16. Nb5 Qd8 17. Rad1 a6 18. Nc3 b5 19. Qf2 Qc7 20. Rfe1 Rb8 21. Nd5 Qc8 22. Nb6 Qc7 23. Nd5 Qc8 24. Nb6 Qc7 25. Nd5 Qc8 1/2-1/2

[Event "GRE-chT 39th"]
[Site "Eretria"]
[Date "2011.07.05"]
[Round "4.10"]
[White "Genova, Liubka"]
[Black "Aggeli, Eleni"]
[Result "1-0"]
[WhiteElo "2270"]
[BlackElo "1862"]
[PlyCount "93"]
[EventDate "2011.07.03"]
[EventType "team-swiss"]
[EventRounds "7"]
[EventCountry "GRE"]
[SourceTitle "CBM 143 Extra"]
[Source "ChessBase"]
[SourceDate "2011.08.29"]
[SourceVersion "1"]
[SourceVersionDate "2011.08.29"]
[SourceQuality "1"]
[WhiteTeam "Florinas"]
[BlackTeam "Gazi Chess Academy"]
[WhiteTeamCountry "GRE"]
[BlackTeamCountry "GRE"]

1. e4 c5 2. Nf3 d6 3. d4 cxd4 4. Nxd4 Nf6 5. f3 e6 6. c4 Nxe4 7. fxe4 Qh4+ 8. Kd2 Qxe4 9. Kc3 e5 10. Nb5 Na6 11. a3 Be6 12. Qf3 Nc5 13. Qxe4 Nxe4+ 14. Kc2 Kd7 15. Be3 a6 16. N5c3 Nxc3 17. Nxc3 f5 18. Nd5 Bxd5 19. cxd5 Be7 20. Be2 f4 21. Bg4+ Ke8 22. Bb6 Bd8 23. Bxd8 Kxd8 24. Kd3 h5 25. Be6 g5 26. Rac1 g4 27. Rc2 Rf8 28. Rhc1 Ke7 29. Rc7+ Kf6 30. Ke4 Kg5 31. Rg7+ Kh4 32. Rc3 f3 33. gxf3 Rf4+ 34. Ke3 Rxf3+ 35. Ke2 e4 36. Rxf3 exf3+ 37. Kf2 Rf8 38. Rh7 Rf4 39. Bf7 Rf5 40. b4 Re5 41. Kf1 b6 42. Rh6 a5 43. Rxd6 Re2 44. Rh6 Rxh2 45. Rxh5+ Kg3 46. Rxh2 Kxh2 47. Bh5 1-0

[Event "GRE-chT 39th"]
[Site "Eretria"]
[Date "2011.07.04"]
[Round "3.6"]
[White "Petrova, Kristyna"]
[Black "Aggeli, Eleni"]
[Result "1-0"]
[WhiteElo "2280"]
[BlackElo "1862"]
[PlyCount "69"]
[EventDate "2011.07.03"]
[EventType "team-swiss"]
[EventRounds "7"]
[EventCountry "GRE"]
[SourceTitle "CBM 143 Extra"]
[Source "ChessBase"]
[SourceDate "2011.08.29"]
[SourceVersion "1"]
[SourceVersionDate "2011.08.29"]
[SourceQuality "1"]
[WhiteTeam "Amfissa Chess Union"]
[BlackTeam "Gazi Chess Academy"]
[WhiteTeamCountry "GRE"]
[BlackTeamCountry "GRE"]

1. e4 c5 2. Nf3 d6 3. d4 cxd4 4. Nxd4 Nf6 5. Nc3 e6 6. f4 a6 7. Be2 Be7 8. 0-0 0-0 9. Be3 Nc6 10. Qe1 Qc7 11. Rd1 Rd8 12. Bf3 Bd7 13. Qg3 Nxd4 14. Bxd4 Bb5 15. Rfe1 Ne8 16. Qf2 Rdc8 17. Bb6 Qb8 18. Nxb5 axb5 19. a3 Bd8 20. Bd4 Qc7 21. c3 Qe7 22. e5 d5 23. f5 exf5 24. Bxd5 Ra6 25. Qxf5 Rc7 26. Rf1 g6 27. Qd3 Rd7 28. Bxf7+ Qxf7 29. Rxf7 Rxf7 30. Qxb5 Ng7 31. Bc5 Bg5 32. Rd7 Rxd7 33. Qxd7 Rc6 34. Bd6 Be3+ 35. Kf1 1-0

[Event "GRE-chT Div-A 38th"]
[Site "Peristeri"]
[Date "2010.07.05"]
[Round "1"]
[White "Aggeli, Eleni"]
[Black "Stiri, Alexandra"]
[Result "0-1"]
[WhiteElo "1857"]
[BlackElo "2215"]
[PlyCount "96"]
[EventDate "2010.07.05"]
[EventType "team-swiss"]
[EventRounds "7"]
[EventCountry "GRE"]
[SourceTitle "CBM 137 Extra"]
[Source "ChessBase"]
[SourceDate "2010.09.01"]
[SourceVersion "1"]
[SourceVersionDate "2010.09.01"]
[SourceQuality "1"]

1. e4 c5 2. Nf3 d6 3. d4 cxd4 4. Nxd4 Nf6 5. Nc3 a6 6. a4 g6 7. Be2 Bg7 8. Be3 0-0 9. 0-0 Nc6 10. Nb3 Be6 11. f4 Qc8 12. Qd2 Ng4 13. Bb6 Nb4 14. Nd4 Bc4 15. a5 e5 16. fxe5 Bh6 17. Bxg4 Bxd2 18. Bxc8 Raxc8 19. Rfd1 Be3+ 20. Kh1 dxe5 21. Nf3 Nxc2 22. Bxe3 Nxe3 23. Rd7 Bf1 24. Nxe5 Bxg2+ 25. Kg1 Rce8 26. Re1 Nc2 27. Re2 Rxe5 28. Rxg2 Ne3 29. Re2 Rg5+ 30. Kh1 Nc4 31. Rxb7 Rxa5 32. Nd5 Kg7 33. Nc7 Rc8 34. Rf2 Ne3 35. h3 Kg8 36. Nd5 Nxd5 37. exd5 f5 38. d6 Rd5 39. d7 Rd8 40. Rb6 a5 41. b4 axb4 42. Rxb4 R8xd7 43. Rbb2 Kg7 44. Kg2 Kf6 45. Rbe2 Re7 46. Rc2 Rd3 47. Rc6+ Kg5 48. Rf3 Re2+ 0-1

[Event "GRE-ch U20 Girls"]
[Site "Greece"]
[Date "2009.01.05"]
[Round "4"]
[White "Pavlidou, Ekaterini"]
[Black "Aggeli, Eleni"]
[Result "1-0"]
[WhiteElo "2150"]
[BlackElo "1875"]
[PlyCount "121"]
[EventDate "2009.01.02"]
[EventType "swiss"]
[EventRounds "7"]
[EventCountry "GRE"]
[SourceTitle "EXT 2011"]
[Source "ChessBase"]
[SourceDate "2010.11.26"]
[SourceVersion "1"]
[SourceVersionDate "2010.11.26"]
[SourceQuality "1"]

1. d4 Nf6 2. c4 g6 3. Nc3 d5 4. cxd5 Nxd5 5. e4 Nxc3 6. bxc3 Bg7 7. Bc4 c5 8. Ne2 0-0 9. 0-0 Nc6 10. Be3 Bd7 11. Qd2 Qa5 12. Qb2 b5 13. Qxb5 Qxb5 14. Bxb5 cxd4 15. cxd4 Rfd8 16. Rad1 Rab8 17. a4 Nb4 18. Bxd7 Rxd7 19. Rb1 a5 20. Rfc1 Rdb7 21. Rc5 Ra8 22. Bf4 Rd7 23. Rc7 Rxc7 24. Bxc7 e6 25. Bxa5 Nc6 26. Bb6 Rxa4 27. e5 Bf8 28. Rc1 Ne7 29. g4 Nd5 30. Bc5 Bxc5 31. Rxc5 Kg7 32. g5 h6 33. h4 h5 34. Kg2 Ra3 35. Ng3 Nf4+ 36. Kh2 Ra4 37. Ne4 Rxd4 38. f3 Rd7 39. Rc8 Nd5 40. Nf6 Nxf6 41. gxf6+ Kh7 42. Rf8 Rb7 43. Kg3 Ra7 44. Kf2 Rb7 45. Ke3 Rd7 46. Ke4 Ra7 47. Kd4 Rc7 48. f4 Ra7 49. Kc5 Rb7 50. Kd6 Ra7 51. Rd8 Ra4 52. Ke7 Rxf4 53. Kxf7 Rxh4 54. Kxe6 Rf4 55. Ke7 h4 56. f7 h3 57. f8Q Rxf8 58. Kxf8 g5 59. e6 g4 60. e7 h2 61. Rd1 1-0

[Event "GRE-ch U20 Girls"]
[Site "Greece"]
[Date "2009.01.03"]
[Round "2"]
[White "Manelidou, Maria"]
[Black "Aggeli, Eleni"]
[Result "1/2-1/2"]
[WhiteElo "2035"]
[BlackElo "1875"]
[PlyCount "58"]
[EventDate "2009.01.02"]
[EventType "swiss"]
[EventRounds "7"]
[EventCountry "GRE"]
[SourceTitle "EXT 2011"]
[Source "ChessBase"]
[SourceDate "2010.11.26"]
[SourceVersion "1"]
[SourceVersionDate "2010.11.26"]
[SourceQuality "1"]

1. e4 e5 2. Nf3 Nc6 3. Bc4 Bc5 4. c3 d6 5. 0-0 h6 6. d4 exd4 7. cxd4 Bb6 8. d5 Ne5 9. Nxe5 dxe5 10. Kh1 Nf6 11. Be2 0-0 12. Nc3 Qe7 13. Qd3 Bd4 14. Nb5 Bb6 15. b3 a6 16. Na3 Bd4 17. Rb1 Rd8 18. Nc2 Bc5 19. b4 Ba7 20. Bb2 c6 21. Ne3 Bxe3 22. Qxe3 cxd5 23. exd5 Nxd5 24. Qxe5 Qxe5 25. Bxe5 Re8 26. f4 Nxf4 27. Rxf4 Rxe5 28. Bf3 Bf5 29. Rc1 Rae8 1/2-1/2

[Event "Nikaia op 16th"]
[Site "Nikaia"]
[Date "2008.08.30"]
[Round "6"]
[White "Klokas, Konstantinos"]
[Black "Aggeli, Eleni"]
[Result "1-0"]
[WhiteElo "2167"]
[BlackElo "1856"]
[PlyCount "63"]
[EventDate "2008.08.25"]
[EventType "swiss"]
[EventRounds "9"]
[EventCountry "GRE"]
[SourceTitle "CBM 126 Extra"]
[Source "ChessBase"]
[SourceDate "2008.11.05"]
[SourceVersion "1"]
[SourceVersionDate "2008.11.05"]
[SourceQuality "1"]

1. e4 c5 2. Nf3 d6 3. d4 cxd4 4. Nxd4 Nf6 5. Nc3 e6 6. g4 h6 7. h4 Be7 8. Qf3 Qb6 9. Bb5+ Nc6 10. Be3 Qc7 11. e5 Nd5 12. Nxd5 exd5 13. Qxd5 Bd7 14. exd6 Qxd6 15. Qxd6 Bxd6 16. Nxc6 bxc6 17. Be2 Be5 18. 0-0-0 Be6 19. f4 Bc7 20. Bf3 0-0 21. f5 Bc4 22. Bxc6 Rac8 23. Bd5 Be2 24. Rdg1 Rcd8 25. c4 a5 26. g5 Rfe8 27. Bd2 hxg5 28. hxg5 Kf8 29. f6 Kg8 30. g6 Rxd5 31. cxd5 gxf6 32. gxf7+ 1-0

[Event "Aigialias op 1st"]
[Site "Aigialias"]
[Date "2008.08.19"]
[Round "2"]
[White "Kokolias, Konstantinos"]
[Black "Aggeli, Eleni"]
[Result "1-0"]
[WhiteElo "2197"]
[BlackElo "1856"]
[PlyCount "97"]
[EventDate "2008.08.18"]
[EventType "swiss"]
[EventRounds "9"]
[EventCountry "GRE"]
[SourceTitle "EXT 2009"]
[Source "ChessBase"]
[SourceDate "2008.11.26"]
[SourceVersion "1"]
[SourceVersionDate "2008.11.26"]
[SourceQuality "1"]

1. e4 c5 2. g3 Nc6 3. Bg2 Nf6 4. Nc3 e6 5. Nge2 d5 6. exd5 Nxd5 7. Nxd5 exd5 8. d4 c4 9. 0-0 Be7 10. Nf4 Be6 11. Re1 Qd7 12. Nxe6 fxe6 13. Bh3 Nd8 14. Qh5+ g6 15. Qh6 Bf8 16. Qh4 Be7 17. Bg5 Bxg5 18. Qxg5 0-0 19. Re2 Qf7 20. Rae1 Rc8 21. f4 Rc6 22. c3 Qf6 23. Qg4 Qf5 24. Kg2 Qxg4 25. Bxg4 Kf7 26. h4 h5 27. Bf3 b5 28. f5 gxf5 29. Bxh5+ Kf6 30. Bf3 a5 31. g4 f4 32. g5+ Kg6 33. Bg4 Rh8 34. Rh1 Rc7 35. Re5 Re7 36. h5+ Kg7 37. h6+ Kg6 38. Bd1 Nc6 39. Bc2+ Kf7 40. g6+ Kf6 41. Rhh5 Ree8 42. g7 Rhg8 43. Reg5 b4 44. Bh7 bxc3 45. bxc3 Rb8 46. Bxg8 Rb2+ 47. Kh1 f3 48. Bh7 f2 49. Kg2 1-0

[Event "Aegean op 31st"]
[Site "Aghios Kirykos"]
[Date "2008.07.20"]
[Round "9"]
[White "Dolzhikova, Olga"]
[Black "Aggeli, Eleni"]
[Result "1-0"]
[WhiteElo "2256"]
[BlackElo "1856"]
[PlyCount "59"]
[EventDate "2008.07.12"]
[EventType "swiss"]
[EventRounds "9"]
[EventCountry "GRE"]
[SourceTitle "CBM 125 Extra"]
[Source "ChessBase"]
[SourceDate "2008.09.01"]
[SourceVersion "1"]
[SourceVersionDate "2008.09.01"]
[SourceQuality "1"]

1. e4 c5 2. c3 d5 3. exd5 Qxd5 4. d4 Nc6 5. Nf3 Bg4 6. Be2 e6 7. h3 Bh5 8. c4 Qd8 9. g4 Bg6 10. d5 Nb4 11. Na3 Nf6 12. Qa4+ Qd7 13. Qxd7+ Nxd7 14. dxe6 fxe6 15. 0-0 a6 16. Ng5 e5 17. Bf3 0-0-0 18. Rd1 b6 19. Be3 h6 20. Ne6 Re8 21. Bb7+ Kxb7 22. Rxd7+ Kc6 23. Nxf8 Rexf8 24. Rad1 Rf6 25. Rxg7 Nxa2 26. Rdd7 Be8 27. Rd8 Rhf8 28. Re7 Bg6 29. Rxf8 Rxf8 30. Re6+ 1-0

[Event "Nikaia op 15th"]
[Site "Nikaia"]
[Date "2007.08.30"]
[Round "9"]
[White "Abatzidis, Stelios"]
[Black "Aggeli, Eleni"]
[Result "1-0"]
[WhiteElo "2039"]
[BlackElo "1858"]
[PlyCount "119"]
[EventDate "2007.08.23"]
[EventType "swiss"]
[EventRounds "9"]
[EventCountry "GRE"]
[SourceTitle "CBM 120 Extra"]
[Source "ChessBase"]
[SourceDate "2007.11.01"]
[SourceVersion "1"]
[SourceVersionDate "2007.11.01"]
[SourceQuality "1"]

1. Nf3 Nf6 2. c4 c5 3. Nc3 g6 4. b3 Bg7 5. Bb2 0-0 6. g3 Nc6 7. Bg2 b6 8. d3 Bb7 9. e3 Qc7 10. a3 a6 11. 0-0 e5 12. Qc2 Ne8 13. Nd5 Qd8 14. h3 f5 15. Nd2 d6 16. Bc3 Nf6 17. b4 Rb8 18. Kh2 Ne7 19. e4 Nexd5 20. exd5 Bc8 21. f4 Qe7 22. Rae1 Nd7 23. Nf3 h6 24. Re2 Qf6 25. Rfe1 Re8 26. Qd2 g5 27. fxe5 dxe5 28. Qb2 Qg6 29. Nxe5 Nxe5 30. Bxe5 Bxe5 31. Rxe5 Rxe5 32. Rxe5 cxb4 33. Qxb4 f4 34. g4 Bd7 35. Be4 Qf6 36. Qe7 Qxe7 37. Rxe7 Ba4 38. Re6 Rf8 39. Rg6+ Kh8 40. Rxh6+ Kg8 41. Rg6+ Kh8 42. Rxg5 f3 43. Bf5 Re8 44. Kg3 Bd1 45. Be4 Be2 46. Rg6 Rf8 47. Kf2 Rb8 48. Rf6 b5 49. Bxf3 Bxd3 50. Be2 bxc4 51. Bxd3 cxd3 52. Ke3 Rb3 53. Rxa6 d2+ 54. Kxd2 Rxh3 55. d6 Rh6 56. g5 Rh5 57. Ke3 Kg7 58. Ra8 Rh3+ 59. Ke4 Rh4+ 60. Ke5 1-0

[Event "Nikaia op 15th"]
[Site "Nikaia"]
[Date "2007.08.23"]
[Round "1"]
[White "Aggeli, Eleni"]
[Black "Balaskas, Panayotis"]
[Result "0-1"]
[WhiteElo "1858"]
[BlackElo "2145"]
[PlyCount "72"]
[EventDate "2007.08.23"]
[EventType "swiss"]
[EventRounds "9"]
[EventCountry "GRE"]
[SourceTitle "CBM 120 Extra"]
[Source "ChessBase"]
[SourceDate "2007.11.01"]
[SourceVersion "1"]
[SourceVersionDate "2007.11.01"]
[SourceQuality "1"]

1. e4 c5 2. Nf3 g6 3. d4 cxd4 4. Nxd4 Bg7 5. c4 Nc6 6. Nc2 d6 7. Nc3 Bxc3+ 8. bxc3 Nf6 9. f3 Qa5 10. Bd2 g5 11. Be2 g4 12. Ne3 gxf3 13. gxf3 Qh5 14. h4 Rg8 15. Nd5 Be6 16. Nc7+ Kd7 17. Nxa8 Rxa8 18. Qb3 b6 19. 0-0-0 Qa5 20. Kc2 a6 21. Be3 Kc7 22. a4 Rb8 23. Ra1 Nd7 24. f4 Nc5 25. Bxc5 Qxc5 26. f5 Qf2 27. Kd1 Na5 28. Qb4 Nc6 29. Qb3 Na5 30. Qb4 Bd7 31. Bd3 Rg8 32. Rb1 Rg2 33. Rb2 Qxb2 34. Qxb2 Rxb2 35. Kc1 Ra2 36. Bc2 Bxa4 0-1

[Event "Peiraikos 60th Anniv op"]
[Site "Piraeus"]
[Date "2006.09.04"]
[Round "3"]
[White "Aggeli, Eleni"]
[Black "Pavli, Polina"]
[Result "1-0"]
[WhiteElo "1788"]
[BlackElo "1175"]
[PlyCount "59"]
[EventDate "2006.09.02"]
[EventType "swiss"]
[EventRounds "7"]
[EventCountry "GRE"]
[SourceTitle "EXT 2008"]
[Source "ChessBase"]
[SourceDate "2007.11.25"]
[SourceVersion "1"]
[SourceVersionDate "2007.11.25"]
[SourceQuality "1"]

1. e4 Nf6 2. e5 Nd5 3. c4 Nb6 4. d4 d6 5. f4 dxe5 6. fxe5 e6 7. Nf3 c5 8. Bg5 Be7 9. Bxe7 Qxe7 10. d5 exd5 11. cxd5 Bg4 12. Bb5+ Bd7 13. Bxd7+ N8xd7 14. 0-0 0-0 15. Re1 Nc4 16. Qe2 Ncb6 17. Nc3 Rae8 18. Rad1 Nc8 19. Qf2 f6 20. e6 Ndb6 21. Qg3 Qd6 22. Qg4 f5 23. Qg5 Ne7 24. Nb5 Qb8 25. d6 h6 26. Qc1 Ned5 27. Qxc5 Rf6 28. Rxd5 Nxd5 29. Qxd5 Kh7 30. d7 1-0

[Event "Heraclion op 10th"]
[Site "Athens"]
[Date "2006.06.11"]
[Round "2"]
[White "Aggeli, Eleni"]
[Black "Makka, Evanthia"]
[Result "0-1"]
[WhiteElo "1773"]
[BlackElo "2046"]
[PlyCount "58"]
[EventDate "2006.06.10"]
[EventType "swiss"]
[EventRounds "9"]
[EventCountry "GRE"]
[SourceTitle "CBM 112 Extra"]
[Source "ChessBase"]
[SourceDate "2006.07.14"]
[SourceVersion "1"]
[SourceVersionDate "2006.07.14"]
[SourceQuality "1"]

1. e4 e6 2. d4 d5 3. Nc3 dxe4 4. Nxe4 Nd7 5. Nf3 Ngf6 6. Nxf6+ Nxf6 7. Bd3 c5 8. dxc5 Bxc5 9. Bg5 Qb6 10. 0-0 Nd7 11. Qc1 f6 12. Bh4 0-0 13. Qf4 Qd6 14. Qe4 f5 15. Qc4 Nb6 16. Qb3 h6 17. h3 g5 18. Bg3 Qxg3 19. Rad1 Qc7 20. Rfe1 Nd5 21. Bc4 Nf4 22. h4 Qg7 23. hxg5 hxg5 24. Ne5 a6 25. a4 b6 26. Qc3 a5 27. Ba2 Bb4 28. Qc6 Bxe1 29. Rxe1 Qb7 0-1

[Event "Piraeus-ch"]
[Site "Piraeus"]
[Date "2005.12.03"]
[Round "?"]
[White "Petsas, Spyridon"]
[Black "Aggeli, Eleni"]
[Result "1/2-1/2"]
[WhiteElo "1940"]
[BlackElo "1775"]
[PlyCount "51"]
[EventDate "2005.11.14"]
[EventType "swiss"]
[EventRounds "9"]
[EventCountry "GRE"]
[SourceTitle "EXT 2007"]
[Source "ChessBase"]
[SourceDate "2006.11.23"]
[SourceVersion "1"]
[SourceVersionDate "2006.11.23"]
[SourceQuality "1"]

1. e4 c5 2. Nf3 Nc6 3. Nc3 Nf6 4. Bc4 d6 5. 0-0 e6 6. d4 cxd4 7. Nxd4 Ne5 8. Bb3 Be7 9. Bf4 Ng6 10. Bg3 a6 11. a4 0-0 12. Nf3 Nh5 13. Nd2 Nxg3 14. hxg3 Qc7 15. Nc4 Bd7 16. Qh5 Rac8 17. Rfd1 Rfd8 18. a5 Bc6 19. Nb6 Rb8 20. Ba4 Ne5 21. Bb3 Nd7 22. Nxd7 Rxd7 23. f3 Bf6 24. Rd3 Rdd8 25. f4 b6 26. Kh2 1/2-1/2